| 000 | 00792nam a22001697a 4500 | ||
|---|---|---|---|
| 003 | MACL | ||
| 005 | 20150705165846.0 | ||
| 008 | 150705b xxu||||| |||| 00| 0 eng d | ||
| 040 | _cMACL | ||
| 041 | _aHindi | ||
| 082 | _a741.642 | ||
| 100 |
_448/5+1 _aदेथा, इन्दरदान _91012 |
||
| 245 | _aकुरज बांधी गाय/नन्हे सिंह ने दहाडना सीखा/आठ सौ कौडो का पुरस्कार/पशु पक्षियों का नाम बताईए/हम हिन्दुस्तानी | ||
| 260 |
_aनई दिल्ली _bनेशनल बुक ट्रस्ट _c1999 |
||
| 650 |
_aचिल्ड्रन बुक्स _9343 |
||
| 942 |
_2ddc _cHIN |
||
| 999 |
_c50033 _d50033 |
||